000 00665nam a2200277Ia 4500
005 20260324124422.0
008 008 260324s9999 xx 000 0 eng d
020 _a9780429228360
037 _aEBOOK
040 _aCRL
040 _beng
040 _cCRL
041 _2eng
041 _aeng
084 _qCRL
100 _aR Anderson; J D Dewar; Harold F. Tipton
_91174079
245 0 _aOfficial (ISC)2 Guide to the SSCP CBK
260 _bTaylor and Francis
260 _c2010
365 _a
365 _b160
856 _uhttp://www.taylorfrancis.com/books/9780429228360
942 _cEBOOK
999 _c1768436
_d1768436